[Event "New Delhi Parsvnath op-B 17th"]
[Site "New Delhi"]
[Date "2019.01.09"]
[Round "3"]
[White "Nayak, Sanjeeban"]
[Black "Mokashi, Rohit"]
[Result "1-0"]
[WhiteElo "1844"]
[BlackElo "1641"]
[PlyCount "87"]
[EventDate "2019.01.09"]
[EventType "swiss"]
[EventRounds "10"]
[EventCountry "IND"]
[SourceTitle "CBM 189 Extra"]
[Source "ChessBase"]
[SourceDate "2019.05.31"]
[SourceVersion "1"]
[SourceVersionDate "2019.05.31"]
[SourceQuality "1"]

1. Nf3 d5 2. b3 Bf5 3. Bb2 e6 4. e3 Nf6 5. Be2 Nbd7 6. d3 c6 7. Nbd2 Qc7 8. Rc1 e5 9. c4 dxc4 10. Rxc4 Bd6 11. 0-0 Nb6 12. Rc1 Rd8 13. e4 Bg6 14. Qc2 0-0 15. a4 Rfe8 16. Rfd1 Bb4 17. Nf1 a5 18. Ne3 Nfd7 19. Bc3 Qd6 20. Nd2 f6 21. Ndc4 Nxc4 22. Nxc4 Qc5 23. Bxb4 Qxb4 24. Qc3 Nf8 25. Nxa5 Qe7 26. Bg4 Rd4 27. Nc4 Bf7 28. Ne3 Qa3 29. Nc2 Qxb3 30. Nxd4 Qxc3 31. Rxc3 exd4 32. Ra3 Ra8 33. Rb1 b5 34. Rb4 Be8 35. Rxd4 c5 36. Rd5 b4 37. Ra1 b3 38. Rxc5 Rxa4 39. Rxa4 Bxa4 40. Rc8 Kf7 41. Rb8 Ng6 42. Bh5 Ke6 43. Bxg6 hxg6 44. Rb4 1-0

[Event "Mumbai Wealth rating op 4th"]
[Site "Mumbai"]
[Date "2019.01.02"]
[Round "4"]
[White "Samrat, Ghorai"]
[Black "Mokashi, Rohit"]
[Result "1-0"]
[WhiteElo "1984"]
[BlackElo "1641"]
[PlyCount "63"]
[EventDate "2018.12.30"]
[EventType "swiss"]
[EventRounds "9"]
[EventCountry "IND"]
[SourceTitle "CBM 188 Extra"]
[Source "ChessBase"]
[SourceDate "2019.02.28"]
[SourceVersion "1"]
[SourceVersionDate "2019.02.28"]
[SourceQuality "1"]

1. e4 c6 2. Nc3 d5 3. Nf3 dxe4 4. Nxe4 Nf6 5. Ng3 g6 6. d4 Bg7 7. c4 0-0 8. Be2 b6 9. 0-0 Bb7 10. Bf4 c5 11. d5 Nbd7 12. Qb3 Ng4 13. Rad1 Nge5 14. Rfe1 Re8 15. h4 Nxf3+ 16. Bxf3 a6 17. Rd2 Bd4 18. Rde2 Ra7 19. h5 b5 20. hxg6 hxg6 21. cxb5 axb5 22. Bd6 Nf6 23. Bxe7 Qd7 24. d6 Ba6 25. Ne4 Nxe4 26. Rxe4 Bb7 27. Rf4 Bxf3 28. Qxf7+ Kh8 29. Bf6+ Bxf6 30. Rxe8+ Qxe8 31. Qxe8+ Kg7 32. Rxf3 1-0

[Event "Mumbai Wealth rating op 4th"]
[Site "Mumbai"]
[Date "2018.12.31"]
[Round "2"]
[White "Mokashi, Rohit"]
[Black "Sangoi, Hriday"]
[Result "1-0"]
[WhiteElo "1641"]
[BlackElo "1401"]
[PlyCount "117"]
[EventDate "2018.12.30"]
[EventType "swiss"]
[EventRounds "9"]
[EventCountry "IND"]
[SourceTitle "CBM 188 Extra"]
[Source "ChessBase"]
[SourceDate "2019.02.28"]
[SourceVersion "1"]
[SourceVersionDate "2019.02.28"]
[SourceQuality "1"]

1. d4 Nf6 2. Nf3 e6 3. c4 b6 4. a3 Bb7 5. Nc3 d5 6. Bf4 Bd6 7. Bg3 0-0 8. e3 c5 9. cxd5 exd5 10. Be2 Nc6 11. 0-0 Bxg3 12. hxg3 cxd4 13. Nxd4 Nxd4 14. Qxd4 Ne4 15. Rac1 Nc5 16. Rcd1 Ne6 17. Qe5 Qc7 18. Qf5 g6 19. Qf6 Rad8 20. Bf3 Qc5 21. Rd2 Nc7 22. Rfd1 Rd6 23. Qh4 Rfd8 24. Ne2 Ne6 25. Nd4 Nxd4 26. Rxd4 a5 27. Qh6 f5 28. Qf4 R6d7 29. g4 Rf7 30. gxf5 Rxf5 31. Qh4 Rdf8 32. Qg3 Qc2 33. R4d2 Qc5 34. Qh4 b5 35. b4 axb4 36. axb4 Qc4 37. Rd4 Qb3 38. Qe7 R8f7 39. Qc5 Qa4 40. Qc3 Qa8 41. Qc5 Qa4 42. Qc3 Qa8 43. e4 Rg5 44. exd5 Qa2 45. Qe3 h6 46. Kf1 Qa8 47. Qd3 Rgf5 48. Kg1 Rg5 49. Rg4 Qd8 50. Rxg5 Qxg5 51. Qxb5 h5 52. Qe8+ Kg7 53. Qe3 Qh4 54. Qd4+ Qxd4 55. Rd2 Qd3 56. Rxd3 Rd7 57. Rd4 Kf6 58. Kh2 Kf5 59. Kg3 1-0

[Event "Maharashtra State-ch U25"]
[Site "Nasik"]
[Date "2018.08.10"]
[Round "3"]
[White "Mokashi, Rohit"]
[Black "Mahindrakar, Indrajeet"]
[Result "0-1"]
[WhiteElo "1581"]
[BlackElo "2095"]
[PlyCount "90"]
[EventDate "2018.08.09"]
[EventType "swiss"]
[EventRounds "9"]
[EventCountry "IND"]
[SourceTitle "CBM 186 Extra"]
[Source "ChessBase"]
[SourceDate "2018.08.24"]
[SourceVersion "1"]
[SourceVersionDate "2018.08.24"]
[SourceQuality "1"]

1. d4 Nf6 2. Nf3 e6 3. c4 Nc6 4. Nc3 Bb4 5. Bg5 h6 6. Bh4 g5 7. Bg3 Ne4 8. Rc1 d5 9. Ne5 Nxe5 10. Bxe5 Bxc3+ 11. bxc3 f6 12. Bg3 h5 13. f3 Nxg3 14. hxg3 Qd6 15. Kf2 h4 16. Rh3 hxg3+ 17. Rxg3 Bd7 18. Qb3 Bc6 19. e3 Rh1 20. cxd5 exd5 21. Qc2 0-0-0 22. Bd3 Rxc1 23. Bf5+ Bd7 24. Bxd7+ Qxd7 25. Qxc1 Qa4 26. Qb1 Rd6 27. Rh3 b5 28. Kg3 Kb7 29. Rh8 Qc4 30. e4 a6 31. exd5 Qxc3 32. Qf5 Kb6 33. Qe4 Qc4 34. Rf8 Qxa2 35. Qe7 Qxd5 36. Rb8+ Kc6 37. Qe8+ Rd7 38. Qc8 Qd6+ 39. Kf2 Qxd4+ 40. Kf1 Qd1+ 41. Kf2 Qd2+ 42. Kf1 Qc1+ 43. Kf2 Qb2+ 44. Kg3 Qe5+ 45. Kf2 Rd2+ 0-1

[Event "Chennai op 9th"]
[Site "Chennai"]
[Date "2017.01.24"]
[Round "9"]
[White "Mokashi, Rohit"]
[Black "Mani, Bharathy"]
[Result "0-1"]
[WhiteElo "1625"]
[BlackElo "1875"]
[PlyCount "40"]
[EventDate "2017.01.18"]
[EventType "swiss"]
[EventRounds "10"]
[EventCountry "IND"]
[SourceTitle "CBM 176 Extra"]
[Source "ChessBase"]
[SourceDate "2017.03.02"]
[SourceVersion "1"]
[SourceVersionDate "2017.03.02"]
[SourceQuality "1"]

1. d4 Nf6 2. Nf3 e6 3. c4 d5 4. Nc3 Be7 5. e3 0-0 6. Bd3 dxc4 7. Bxc4 a6 8. 0-0 b5 9. Be2 Bb7 10. Qc2 c5 11. Rd1 Qc7 12. dxc5 Nbd7 13. a3 Nxc5 14. Nd4 Rac8 15. Bd2 Nce4 16. Rac1 Nxf2 17. Kxf2 Qxh2 18. Bf3 Ng4+ 19. Ke2 Bxf3+ 20. Kxf3 Ne5+ 0-1